000 00892nas a2200325 4500
001 BR0201429
003 BR-BrBNA
005 20231205102826.0
007 ta
008 230509b bl.|||p| |||| 00| 00por d
040 _aBR-BrBNA
_bpor
_cBiblioteca Nacional de Agricultura
041 _a(Pt)
072 _aP33; F06
100 1 _aKlein, V.A.
100 1 _aBarbosa, R.
100 1 _aAnesi, A.L.
100 1 _aSiota, T.A.
245 1 _aRetenção de água em restos culturais
650 _aAveia
650 _aMilho
650 _aPlantio Direto
650 _aRetenção de Água no Solo
650 _aPermeabilidade
650 _aMétodo
650 _aCobertura do Solo
650 _aIrrigação
773 0 _tEngenharia Agrícola (Brazil)
_xISSN 0100-6916
_g(Sep 2001), v. 21(3) p. 256-261
_wBR0201429
909 _a202311
_bLúcia
_c55
_dLúcia Elande
942 _2AGRIS
_n0
_cANA
999 _c169539
_d169539